<?xml version="1.0" encoding="UTF-8"?>
<record
    xmlns:xsi="http://www.w3.org/2001/XMLSchema-instance"
    xsi:schemaLocation="http://www.loc.gov/MARC21/slim http://www.loc.gov/standards/marcxml/schema/MARC21slim.xsd"
    xmlns="http://www.loc.gov/MARC21/slim">

  <leader>00416nam a2200157   4500</leader>
  <controlfield tag="003">SEACOMEC</controlfield>
  <controlfield tag="005">20241003125630.0</controlfield>
  <controlfield tag="008">241003b        |||||||| |||| 00| 0 eng d</controlfield>
  <datafield tag="020" ind1=" " ind2=" ">
    <subfield code="a"> 9789391818760</subfield>
    <subfield code="c">175.00</subfield>
  </datafield>
  <datafield tag="040" ind1=" " ind2=" ">
    <subfield code="a">SEACOMEC</subfield>
  </datafield>
  <datafield tag="082" ind1=" " ind2=" ">
    <subfield code="a">005.463</subfield>
    <subfield code="b">G495</subfield>
  </datafield>
  <datafield tag="100" ind1=" " ind2=" ">
    <subfield code="a">CHATTOPADHYAY, SANTANU</subfield>
  </datafield>
  <datafield tag="245" ind1=" " ind2=" ">
    <subfield code="a">COMPILER DESIGN/ </subfield>
    <subfield code="c">SANTANU CHATTOPADHYAY</subfield>
  </datafield>
  <datafield tag="260" ind1=" " ind2=" ">
    <subfield code="a">New Delhi </subfield>
    <subfield code="b">Prentice Hall </subfield>
    <subfield code="c">2006</subfield>
  </datafield>
  <datafield tag="942" ind1=" " ind2=" ">
    <subfield code="c">BOOK</subfield>
  </datafield>
  <datafield tag="952" ind1=" " ind2=" ">
    <subfield code="0">0</subfield>
    <subfield code="1">0</subfield>
    <subfield code="2">ddc</subfield>
    <subfield code="4">0</subfield>
    <subfield code="7">0</subfield>
    <subfield code="a">SEACOMEC</subfield>
    <subfield code="b">SEACOMEC</subfield>
    <subfield code="d">2007-06-19</subfield>
    <subfield code="l">0</subfield>
    <subfield code="o">005.463 G495</subfield>
    <subfield code="p">7224</subfield>
    <subfield code="r">2024-10-03 12:48:09</subfield>
    <subfield code="w">2024-10-03</subfield>
    <subfield code="y">BOOK</subfield>
  </datafield>
  <datafield tag="952" ind1=" " ind2=" ">
    <subfield code="0">0</subfield>
    <subfield code="1">0</subfield>
    <subfield code="2">ddc</subfield>
    <subfield code="4">0</subfield>
    <subfield code="7">0</subfield>
    <subfield code="a">SEACOMEC</subfield>
    <subfield code="b">SEACOMEC</subfield>
    <subfield code="d">2007-06-19</subfield>
    <subfield code="l">0</subfield>
    <subfield code="o">005.463 G495</subfield>
    <subfield code="p">7225</subfield>
    <subfield code="r">2024-10-03 12:48:09</subfield>
    <subfield code="t">1</subfield>
    <subfield code="w">2024-10-03</subfield>
    <subfield code="y">BOOK</subfield>
  </datafield>
  <datafield tag="952" ind1=" " ind2=" ">
    <subfield code="0">0</subfield>
    <subfield code="1">0</subfield>
    <subfield code="2">ddc</subfield>
    <subfield code="4">0</subfield>
    <subfield code="7">0</subfield>
    <subfield code="a">SEACOMEC</subfield>
    <subfield code="b">SEACOMEC</subfield>
    <subfield code="d">2007-06-19</subfield>
    <subfield code="l">0</subfield>
    <subfield code="o">005.463 G495</subfield>
    <subfield code="p">7226</subfield>
    <subfield code="r">2024-10-03 12:48:09</subfield>
    <subfield code="t">2</subfield>
    <subfield code="w">2024-10-03</subfield>
    <subfield code="y">BOOK</subfield>
  </datafield>
  <datafield tag="952" ind1=" " ind2=" ">
    <subfield code="0">0</subfield>
    <subfield code="1">0</subfield>
    <subfield code="2">ddc</subfield>
    <subfield code="4">0</subfield>
    <subfield code="7">0</subfield>
    <subfield code="a">SEACOMEC</subfield>
    <subfield code="b">SEACOMEC</subfield>
    <subfield code="d">2007-06-19</subfield>
    <subfield code="l">0</subfield>
    <subfield code="o">005.463 G495</subfield>
    <subfield code="p">7227</subfield>
    <subfield code="r">2024-10-03 12:48:09</subfield>
    <subfield code="t">3</subfield>
    <subfield code="w">2024-10-03</subfield>
    <subfield code="y">BOOK</subfield>
  </datafield>
  <datafield tag="952" ind1=" " ind2=" ">
    <subfield code="0">0</subfield>
    <subfield code="1">0</subfield>
    <subfield code="2">ddc</subfield>
    <subfield code="4">0</subfield>
    <subfield code="7">0</subfield>
    <subfield code="a">SEACOMEC</subfield>
    <subfield code="b">SEACOMEC</subfield>
    <subfield code="d">2007-06-19</subfield>
    <subfield code="l">0</subfield>
    <subfield code="o">005.463 G495</subfield>
    <subfield code="p">7228</subfield>
    <subfield code="r">2024-10-03 12:48:09</subfield>
    <subfield code="t">4</subfield>
    <subfield code="w">2024-10-03</subfield>
    <subfield code="y">BOOK</subfield>
  </datafield>
  <datafield tag="952" ind1=" " ind2=" ">
    <subfield code="0">0</subfield>
    <subfield code="1">0</subfield>
    <subfield code="2">ddc</subfield>
    <subfield code="4">0</subfield>
    <subfield code="7">0</subfield>
    <subfield code="a">SEACOMEC</subfield>
    <subfield code="b">SEACOMEC</subfield>
    <subfield code="d">2010-11-10</subfield>
    <subfield code="l">0</subfield>
    <subfield code="o">005.463 G495</subfield>
    <subfield code="p">17704</subfield>
    <subfield code="r">2024-10-03 12:50:50</subfield>
    <subfield code="t">5</subfield>
    <subfield code="w">2024-10-03</subfield>
    <subfield code="y">BOOK</subfield>
  </datafield>
  <datafield tag="952" ind1=" " ind2=" ">
    <subfield code="0">0</subfield>
    <subfield code="1">0</subfield>
    <subfield code="2">ddc</subfield>
    <subfield code="4">0</subfield>
    <subfield code="7">0</subfield>
    <subfield code="a">SEACOMEC</subfield>
    <subfield code="b">SEACOMEC</subfield>
    <subfield code="d">2010-11-10</subfield>
    <subfield code="l">0</subfield>
    <subfield code="o">005.463 G495</subfield>
    <subfield code="p">17705</subfield>
    <subfield code="r">2024-10-03 12:50:50</subfield>
    <subfield code="t">6</subfield>
    <subfield code="w">2024-10-03</subfield>
    <subfield code="y">BOOK</subfield>
  </datafield>
  <datafield tag="952" ind1=" " ind2=" ">
    <subfield code="0">0</subfield>
    <subfield code="1">0</subfield>
    <subfield code="2">ddc</subfield>
    <subfield code="4">0</subfield>
    <subfield code="7">0</subfield>
    <subfield code="a">SEACOMEC</subfield>
    <subfield code="b">SEACOMEC</subfield>
    <subfield code="d">2010-11-10</subfield>
    <subfield code="l">0</subfield>
    <subfield code="o">005.463 G495</subfield>
    <subfield code="p">17706</subfield>
    <subfield code="r">2024-10-03 12:50:50</subfield>
    <subfield code="t">7</subfield>
    <subfield code="w">2024-10-03</subfield>
    <subfield code="y">BOOK</subfield>
  </datafield>
  <datafield tag="952" ind1=" " ind2=" ">
    <subfield code="0">0</subfield>
    <subfield code="1">0</subfield>
    <subfield code="2">ddc</subfield>
    <subfield code="4">0</subfield>
    <subfield code="7">0</subfield>
    <subfield code="a">SEACOMEC</subfield>
    <subfield code="b">SEACOMEC</subfield>
    <subfield code="d">2010-11-10</subfield>
    <subfield code="l">0</subfield>
    <subfield code="o">005.463 G495</subfield>
    <subfield code="p">17707</subfield>
    <subfield code="r">2024-10-03 12:50:50</subfield>
    <subfield code="t">8</subfield>
    <subfield code="w">2024-10-03</subfield>
    <subfield code="y">BOOK</subfield>
  </datafield>
  <datafield tag="952" ind1=" " ind2=" ">
    <subfield code="0">0</subfield>
    <subfield code="1">0</subfield>
    <subfield code="2">ddc</subfield>
    <subfield code="4">0</subfield>
    <subfield code="7">0</subfield>
    <subfield code="a">SEACOMEC</subfield>
    <subfield code="b">SEACOMEC</subfield>
    <subfield code="d">2010-11-10</subfield>
    <subfield code="l">0</subfield>
    <subfield code="o">005.463 G495</subfield>
    <subfield code="p">17708</subfield>
    <subfield code="r">2024-10-03 12:50:50</subfield>
    <subfield code="t">9</subfield>
    <subfield code="w">2024-10-03</subfield>
    <subfield code="y">BOOK</subfield>
  </datafield>
  <datafield tag="999" ind1=" " ind2=" ">
    <subfield code="c">1734</subfield>
    <subfield code="d">1734</subfield>
  </datafield>
</record>
